Hungarian Phrases - Statistics

General Stats
  • This quiz has been taken 41 times
  • The average score is 13 of 20
Answer Stats
Hint Answer % Correct
Szia (see-yah) Hello
86%
Köszönöm (kuh-suh-nuhm) Thank you
86%
Hogy vagy (hodj vahdj) How are you
82%
Nem (nehm) No
82%
Kérem (keh-rem) Please
82%
Igen (ee-gen) Yes
82%
Jó napot (you nah-pot) Good day
79%
Jó éjszakát (you ee-sa-kaat) Good night
79%
Viszlát (vees-lat) Goodbye
71%
Amerikai vagyok (ah-meh-ree-kai vah-dyok) I am American
71%
Jó vagyok (you vah-dyok) I am good
71%
És te (eesh teh) And you
68%
Beszél angolul (beh-sail ahn-go-lool) Do you speak English
64%
A nevem (ah neh-vem) My name is
64%
Gyönyörű vagy (dyuh-nyuh-roo vah-dy) You are beautiful
64%
Mi a neved (me a neh-ved) What is your name
61%
Sajnálom (shy-nah-lom) Sorry
50%
Hajrá (high-rah) Let's go!
36%
Szívesen (see-veh-shen) You are welcome
36%
Mennyibe kerül (MEN-yee-beh KEH-rule) How much does this cost
18%
No matching quizzes found
Score Distribution
Percent of People with Each Score
Percentile by Number Answered
Your Score History
You have not taken this quiz